History of the Oregon Territory from its first discovery up to the present time /

Bibliographic Details
Main Author: Leonard, H. L. W. (Herman Leroy Williams), 1814?-1872
Format: Book
Language:English
Published: Fairfield, Wash. : Ye Galleon Press, 1980.
Subjects:

MARC

Tag First Indicator Second Indicator Subfields
LEADER 00000pam a2200000 a 4500
001 in00000050993
005 20151007080109.0
008 800122r1980 wau 00110 engm
010 |a  80010118  
020 |a 0877702306 
035 |a (OCoLC)05992319 
035 |9 AAF4256AM 
040 |a DLC  |c DLC  |d m.c.  |d TXA  |d UtOrBLW 
043 |a n-us-or 
049 |a TXAM  |c [1805684] 
050 0 0 |a F880  |b  L59 1980 
082 0 |a 979.5 
100 1 |a Leonard, H. L. W.  |q (Herman Leroy Williams),  |d 1814?-1872. 
245 1 0 |a History of the Oregon Territory from its first discovery up to the present time /  |c H.L.W. Leonard. 
264 1 |a Fairfield, Wash. :  |b Ye Galleon Press,  |c 1980. 
300 |a viii, 88 pages ;  |c 24 cm. 
336 |a text  |b txt  |2 rdacontent 
337 |a unmediated  |b n  |2 rdamedia 
338 |a volume  |b nc  |2 rdacarrier 
500 |a Reprint of the 1846 edition printed at Younglove's Steam Press, Cleveland. 
500 |a Includes index. 
651 0 |a Oregon Territory  |x History. 
651 0 |a Oregon  |x Description and travel. 
999 |a MARS 
999 f f |s 393eced7-fdd6-3c5f-be9a-bfa49e77597b  |i d9c034bb-7361-33fe-8ca2-a64ae992acfd  |t 0 
952 f f |p ric  |a Texas A&M University  |b Rellis Campus  |c Joint Library Facility  |d Remote Storage  |t 0  |e F880 L59 1980  |h Library of Congress classification  |i unmediated -- volume  |m A14805945464 
998 f f |a F880 L59 1980  |t 0  |l Remote Storage